Linear algebra

Saved in:
Bibliografiske detaljer
Hovedforfatter: Greub, Werner Hildbert (Author)
Format: Bog
Sprog:engelsk
Udgivet: Nueva York Springer Verlag 1967
Udgivelse:3a. ed
Serier:Die Grundlehrend der Mathematischen wissenschaften in Einzeldarstellungen, 97
Fag:
Tags: Tilføj Tag
Ingen Tags, Vær først til at tagge denne postø!

MARC

LEADER 00000nam a2200000 a 4500
001 UCN1016
003 CL-VaPUC
008 010420e19670000US |||||||||||||||||eng|d
082 0 4 |a 512.5  |b GRE  |2 21 
100 |a Greub, Werner Hildbert  |e author  |9 564098 
245 1 0 |a Linear algebra 
250 |a 3a. ed 
300 |a 434 p 
942 |c BK 
945 |d 20010420 00:00:00  |a vberengu 
260 |a Nueva York  |b Springer Verlag  |c 1967 
650 0 |a Álgebra lineal   |9 260445 
650 0 |a Álgebra vectorial   |9 269971 
650 0 |a Espacios vectoriales   |9 21 
650 0 |a Matrices   |9 22 
650 7 |a DETERMINANTES  |2 CL-VaPUC  |9 456384 
650 0 |a Polinomios  |9 270626 
583 |a last modification  |c 20010420 00:00:00  |k Rodrigo Vera 
490 0 |a Die Grundlehrend der Mathematischen wissenschaften in Einzeldarstellungen, 97 
999 |c 294617  |d 294615 
952 |0 0  |1 0  |4 0  |6 512_500000000000000_GRE_1967  |7 0  |8 A  |9 347167  |a BIBMAT  |b BIBMAT  |d 2019-11-20  |i 3713407  |o 512.5 GRE 1967  |p 3713407  |r 2025-01-07  |w 2019-11-20  |y BK  |k MAT